Annual Report on the Federation of Malaya

שמור ב:
מידע ביבליוגרפי
פורמט: ספר
שפה:Undetermined
יצא לאור: Kuala Lumpur The Goverment Press 1951
נושאים:
תגים: הוספת תג
אין תגיות, היה/י הראשונ/ה לתייג את הרשומה!
Thư viện lưu trữ: Trung tâm Học liệu Trường Đại học Cần Thơ
LEADER 00458nam a2200169Ia 4500
001 CTU_90176
008 210402s9999 xx 000 0 und d
082 |a 959.5 
082 |b A613 
245 0 |a Annual Report on the Federation of Malaya 
260 |a Kuala Lumpur 
260 |b The Goverment Press 
260 |c 1951 
650 |a Malay peninsula 
650 |x Congresses 
904 |i Năm,Hải 
980 |a Trung tâm Học liệu Trường Đại học Cần Thơ